00773nam a2200181 a 4500008004100000020001800041050001500059100001900074245012000093260004200213300001500255650002700270650003500297700001800332995009300350999001700443952013100460130829s2010 ||||||||||||||||| || u a9780230228719 aJZ 841 EVA aHahn, Kristina10aEvaluating transnational NGOs: legitimacy, accountability, representationcedited by Jens Steffek and Kristina Hahn aHampshire:bPalgrave MacMillianc2010 axiv, 271p. 0aINTERNATIONAL AGENCIES 0aNON-GOVERNMENTAL ORGANIZATIONS aSteffek, Jens FCBU-MAIN LIBRARY (Kitwe)M1UAVAILABLEWSep 5, 2013ZMain Library Open Access Collection c42640d42640 00102lcc4070a001b001cMain Library Open Access Collectiond2022-11-30l0oJZ 841 EVAp744237r2022-11-30w2022-11-30y002